| Tag |
First Indicator |
Second Indicator |
Subfields |
| LEADER |
00000cam a2200000 a 4500 |
| 001 |
in00000014569 |
| 005 |
20151007052238.0 |
| 008 |
870508s1987 ja a b 10100 eng d |
| 020 |
|
|
|a 4762205028 (Tokyo)
|
| 020 |
|
|
|a 0387173439 (N.Y.)
|
| 020 |
|
|
|a 3540173439 (Berlin)
|
| 035 |
|
|
|a (OCoLC)15651062
|
| 035 |
|
|
|9 AAA6940AM
|
| 040 |
|
|
|a PFI
|c PFI
|d CLA
|d m/c
|d CUX
|d TXA
|d UtOrBLW
|
| 049 |
|
|
|a TXAM
|c [A11042868]
|
| 050 |
|
4 |
|a QW800
|b .I44 1987
|
| 050 |
|
4 |
|a QR187.3
|b .I48 1985
|
| 245 |
0 |
0 |
|a Immunostimulants :
|b now and tomorrow /
|c edited by Ichiro Azuma and Georges Jollès.
|
| 264 |
|
1 |
|a Tokyo :
|b Japan Scientific Societies Press ;
|a Berlin ;
|a New York :
|b Springer-Verlag,
|c [1987]
|
| 264 |
|
4 |
|c ©1987
|
| 300 |
|
|
|a xvi, 258 pages :
|b illustrations ;
|c 23 cm.
|
| 336 |
|
|
|a text
|b txt
|2 rdacontent
|
| 337 |
|
|
|a unmediated
|b n
|2 rdamedia
|
| 338 |
|
|
|a volume
|b nc
|2 rdacarrier
|
| 500 |
|
|
|a "Reviews and discussions of the first Franco-Japanese Symposium on Immunology, organized in Kashikojima (Japan) on June 21 and 22, 1985 and sponsored by Rhône-Poulenc Santé"--Verso of title page.
|
| 504 |
|
|
|a Includes bibliographical references and index.
|
| 650 |
|
0 |
|a Immunological adjuvants
|x Congresses.
|
| 700 |
1 |
|
|a Azuma, Ichirō.
|
| 700 |
1 |
|
|a Jolles, G.
|q (Georges)
|
| 711 |
2 |
|
|a Franco-Japanese Symposium on Immunology
|n (1st :
|d 1985 :
|c Kashikojima, Japan)
|
| 710 |
2 |
|
|a Rhône-Poulenc Santé.
|
| 999 |
|
|
|a MARS
|
| 999 |
f |
f |
|s 9255c128-464b-3a4d-b032-42d410b36ee4
|i d73e42d2-f09a-31c3-8dd3-5909ba48a184
|t 0
|
| 952 |
f |
f |
|p ric
|a Texas A&M University
|b Rellis Campus
|c Joint Library Facility
|d Remote Storage
|t 0
|e QR187.3 .I48 1985
|h Library of Congress classification
|i unmediated -- volume
|m A14811042868
|
| 998 |
f |
f |
|a QR187.3 .I48 1985
|t 0
|l Remote Storage
|